ბათუმის შოთა რუსთაველის სახელმწიფო უნივერსიტეტის ბიბლიოთეკა

ვახტანგ მეექვსე და სხვათა შრომა ქართული სტამბის წინაშე ზ.ჭ. (ბიბ.ჩანაწერი № 52557)

000 -LEADER
fixed length control field 00941nam a2200229Ia 4500
001 - CONTROL NUMBER
control field 19581
003 - CONTROL NUMBER IDENTIFIER
control field GE_BSU
008 - FIXED-LENGTH DATA ELEMENTS--GENERAL INFORMATION
fixed length control field 181216s||||||||xx |||||||||||||| ||und||
040 ## - CATALOGING SOURCE
Transcribing agency GE_BSU
080 ## - UNIVERSAL DECIMAL CLASSIFICATION NUMBER
Universal Decimal Classification number 655.11(479.22)
245 ## - TITLE STATEMENT
Title ვახტანგ მეექვსე და სხვათა შრომა ქართული სტამბის წინაშე ზ.ჭ.
250 ## - EDITION STATEMENT
Edition statement გამოცემა ვარლამ ტყეშელაშვილის მიერ
260 ## - PUBLICATION, DISTRIBUTION, ETC.
Place of publication, distribution, etc. თბილისი
260 ## - PUBLICATION, DISTRIBUTION, ETC.
Name of publisher, distributor, etc. სტამბა "განათლება
260 ## - PUBLICATION, DISTRIBUTION, ETC.
Date of publication, distribution, etc. 1916
300 ## - PHYSICAL DESCRIPTION
Extent 55გვ.
653 ## - INDEX TERM--UNCONTROLLED
Uncontrolled term ბიბლიოთეკარი
653 ## - INDEX TERM--UNCONTROLLED
Uncontrolled term ვახტანგ მეექვსე და სხვათა შრომა ქართული სტამბის წინაშე
653 ## - INDEX TERM--UNCONTROLLED
Uncontrolled term ქსეროქსი
942 ## - ADDED ENTRY ELEMENTS (KOHA)
Koha item type წიგნი
ეგზემპლარები
Withdrawn status Lost status Damaged status Not for loan Date acquired Barcode Date last seen Price effective from Koha item type Public note
        2018-12-17 00385 ქსეროქსი 2018-12-17 2018-12-17 წიგნი ქსეროქსი
        2018-12-17 00408 ქსეროქსი 2018-12-17 2018-12-17 წიგნი ქსეროქსი